000 nam a22 7a 4500
999 _c8038
_d8038
008 171123b xxu||||| |||| 00| 0 eng d
100 _94487
_aCOVEY.R STEPHEN
245 _aTHE 7 HABITS OF HIGHLY EFFECTIVE PEOPLE
260 _aNEW DELHI
_bSIMON SCHUSTER
_c2013